[Event "V4 OPEN - International Championship of Slovakia 2
[Site "Banska Stiavnica"]
[Date "2013.07.07"]
[Round "2"]
[Board "5"]
[White "Kantorik, Marian"]
[Black "Likavsky, Tomas"]
[Result "0-1"]
[WhiteElo "2331"]
[BlackElo "2458"]
[PlyCount "0"]
[EventDate "2013.07.06"]
[EventRounds "9"]
[EventCountry "SVK"]

1. d4 {[%clk 1:30:56]} Nf6 {[%clk 1:29:11]} 2. c4 {[%clk 1:31:18]} e6
{[%clk 1:29:34]} 3. Nc3 {[%clk 1:31:18]} Bb4 {[%clk 1:29:59]} 4. e3
{[%clk 1:31:25]} c5 {[%clk 1:30:23]} 5. a3 {[%clk 1:29:46]} Bxc3+
{[%clk 1:30:39]} 6. bxc3 {[%clk 1:30:09]} Nc6 {[%clk 1:25:06]} 7. Bd3
{[%clk 1:25:15]} b6 {[%clk 1:18:09]} 8. Nf3 {[%clk 1:23:55]} d6 {[%clk 1:17:09]}
9. O-O {[%clk 1:18:59]} Qc7 {[%clk 1:06:58]} 10. e4 {[%clk 1:09:08]} e5
{[%clk 1:00:11]} 11. d5 {[%clk 1:09:28]} Na5 {[%clk 1:00:03]} 12. h3
{[%clk 1:07:28]} h6 {[%clk 0:57:33]} 13. Be3 {[%clk 1:06:53]} g5 {[%clk 0:46:55]}
14. Nd2 {[%clk 1:05:30]} Ba6 {[%clk 0:44:36]} 15. Qe2 {[%clk 1:02:04]} O-O-O
{[%clk 0:38:57]} 16. Rab1 {[%clk 0:52:02]} Qd7 {[%clk 0:34:20]} 17. Nb3
{[%clk 0:50:36]} Nxb3 {[%clk 0:34:27]} 18. Rxb3 {[%clk 0:51:01]} Qa4
{[%clk 0:34:46]} 19. Rbb1 {[%clk 0:48:37]} Rdg8 {[%clk 0:34:52]} 20. g3
{[%clk 0:46:47]} h5 {[%clk 0:19:39]} 21. Qf3 {[%clk 0:42:51]} Nd7
{[%clk 0:19:45]} 22. Qe2 {[%clk 0:32:42]} Kc7 {[%clk 0:19:18]} 23. Rfd1
{[%clk 0:29:31]} f6 {[%clk 0:17:45]} 24. Rd2 {[%clk 0:28:33]} Nf8
{[%clk 0:11:55]} 25. Bc2 {[%clk 0:27:33]} Qd7 {[%clk 0:12:17]} 26. Kh2
{[%clk 0:26:21]} Bc8 {[%clk 0:09:47]} 27. Qf1 {[%clk 0:26:45]} Ng6
{[%clk 0:10:08]} 28. a4 {[%clk 0:20:32]} a5 {[%clk 0:07:08]} 29. Bd1
{[%clk 0:19:57]} Ba6 {[%clk 0:07:27]} 30. Rdb2 {[%clk 0:18:53]} Rb8 31. Bb3
{[%clk 0:15:51]} Qe8 {[%clk 0:07:10]} 32. Qe2 {[%clk 0:14:29]} Bc8
{[%clk 0:07:03]} 33. Bc2 {[%clk 0:14:38]} Bd7 34. Ra2 Qe7 {[%clk 0:05:05]} 35.
Rab2 {[%clk 0:14:24]} Qe8 {[%clk 0:03:34]} 36. Ra2 {[%clk 0:13:45]} Rh7 37. Bd2
Qe7 {[%clk 0:02:37]} 38. Rab2 {[%clk 0:13:52]} Qe8 {[%clk 0:02:24]} 39. Ra2
{[%clk 0:12:47]} Rg7 {[%clk 0:01:11]} 40. Be3 Nf4 41. gxf4 {[%clk 0:03:51]} gxf4
{[%clk 0:01:39]} 42. Bd2 {[%clk 0:03:59]} Qg6 {[%clk 0:27:27]} 43. Qf3
{[%clk 0:34:11]} Rbg8 {[%clk 0:26:25]} 44. Rf1 {[%clk 0:16:54]} Qg5
{[%clk 0:15:42]} 45. Raa1 {[%clk 0:13:37]} Qh4 {[%clk 0:15:51]} 46. Rg1
{[%clk 0:09:03]} Bxh3 {[%clk 0:15:15]} 47. Rxg7+ {[%clk 0:06:07]} Bd7+
{[%clk 0:15:33]} 48. Kg1 {[%clk 0:05:52]} Rxg7+ {[%clk 0:15:57]} 49. Kf1
{[%clk 0:06:16]} Bh3+ {[%clk 0:16:20]} 0-1

[Event "V4 OPEN - International Championship of Slovakia 2
[Site "Banska Stiavnica"]
[Date "2013.07.07"]
[Round "2"]
[Board "6"]
[White "Fodor, Tamas Jr."]
[Black "Kocetkova, Julia"]
[Result "0-1"]
[WhiteElo "2455"]
[BlackElo "2328"]
[PlyCount "0"]
[EventDate "2013.07.06"]
[EventRounds "9"]
[EventCountry "SVK"]

1. d4 {[%clk 1:30:52]} d5 {[%clk 1:30:43]} 2. c4 {[%clk 1:31:16]} e6
{[%clk 1:30:58]} 3. Nc3 {[%clk 1:31:38]} Nf6 {[%clk 1:30:35]} 4. cxd5
{[%clk 1:31:27]} exd5 {[%clk 1:31:00]} 5. Bg5 {[%clk 1:31:50]} c6
{[%clk 1:28:24]} 6. Qc2 {[%clk 1:31:43]} Be7 {[%clk 1:28:09]} 7. e3
{[%clk 1:31:46]} O-O {[%clk 1:27:45]} 8. Bd3 {[%clk 1:32:06]} Nbd7
{[%clk 1:28:11]} 9. Nf3 {[%clk 1:32:27]} Re8 {[%clk 1:28:23]} 10. h3
{[%clk 1:31:58]} Nf8 {[%clk 1:27:16]} 11. O-O-O {[%clk 1:31:23]} Be6
{[%clk 1:10:36]} 12. g4 {[%clk 1:27:54]} Rc8 {[%clk 1:08:37]} 13. Kb1
{[%clk 1:25:12]} N6d7 {[%clk 1:08:07]} 14. Bf4 {[%clk 1:22:14]} c5
{[%clk 0:58:53]} 15. dxc5 {[%clk 1:20:20]} Nxc5 {[%clk 0:58:12]} 16. Bb5
{[%clk 1:18:38]} Ncd7 {[%clk 0:47:24]} 17. Qd3 {[%clk 1:07:32]} a6
{[%clk 0:41:50]} 18. Bxd7 {[%clk 1:00:13]} Nxd7 {[%clk 0:40:52]} 19. Nxd5
{[%clk 0:59:15]} Nc5 {[%clk 0:40:48]} 20. Qd4 {[%clk 0:57:51]} Qa5
{[%clk 0:32:27]} 21. Ne5 {[%clk 0:54:13]} Bf6 {[%clk 0:26:46]} 22. Nxf6+
{[%clk 0:43:22]} gxf6 {[%clk 0:27:06]} 23. Nc4 {[%clk 0:43:46]} Bxc4
{[%clk 0:22:35]} 24. Qxc4 {[%clk 0:43:47]} Ne4 {[%clk 0:23:03]} 25. Qe2
{[%clk 0:43:42]} Red8 {[%clk 0:23:28]} 26. Rxd8+ {[%clk 0:43:39]} Rxd8
{[%clk 0:23:51]} 27. Qc2 {[%clk 0:43:38]} Rd2 {[%clk 0:10:39]} 28. Qxe4
{[%clk 0:17:58]} Qb5 {[%clk 0:10:31]} 29. b4 {[%clk 0:15:51]} Qe2
{[%clk 0:07:59]} 30. Qe8+ {[%clk 0:14:37]} Kg7 {[%clk 0:08:28]} 31. Be5
{[%clk 0:14:53]} Qd3+ {[%clk 0:07:16]} 32. Ka1 {[%clk 0:15:18]} Qd5
{[%clk 0:05:56]} 33. Bxf6+ {[%clk 0:11:50]} Kxf6 {[%clk 0:06:04]} 34. g5+
{[%clk 0:12:13]} Kg7 {[%clk 0:06:24]} 0-1

[Event "V4 OPEN - International Championship of Slovakia 2
[Site "Banska Stiavnica"]
[Date "2013.07.07"]
[Round "2"]
[Board "7"]
[White "Korpa, Bence"]
[Black "Pacher, Milan"]
[Result "1/2-1/2"]
[WhiteElo "2308"]
[BlackElo "2455"]
[PlyCount "0"]
[EventDate "2013.07.06"]
[EventRounds "9"]
[EventCountry "SVK"]

1. e4 {[%clk 1:30:58]} e5 {[%clk 1:30:20]} 2. Nf3 {[%clk 1:31:15]} Nc6
{[%clk 1:30:45]} 3. Bb5 {[%clk 1:31:33]} Nf6 {[%clk 1:31:05]} 4. d3
{[%clk 1:31:36]} Bc5 {[%clk 1:30:53]} 5. O-O {[%clk 1:31:25]} Nd4
{[%clk 1:30:40]} 6. Nxd4 {[%clk 1:31:32]} Bxd4 {[%clk 1:31:07]} 7. c3
{[%clk 1:30:18]} Bb6 {[%clk 1:31:04]} 8. d4 {[%clk 1:29:21]} O-O {[%clk 1:30:02]}
9. dxe5 {[%clk 1:19:32]} Nxe4 {[%clk 1:30:14]} 10. Bd3 {[%clk 1:19:09]} d5
{[%clk 1:30:06]} 11. exd6 {[%clk 1:16:25]} Nxd6 {[%clk 1:30:29]} 12. Qf3
{[%clk 1:08:13]} Qh4 {[%clk 1:23:58]} 13. Qf4 {[%clk 1:02:12]} Qxf4
{[%clk 1:19:42]} 14. Bxf4 {[%clk 1:02:19]} Bf5 {[%clk 1:19:59]} 1/2-1/2

[Event "V4 OPEN - International Championship of Slovakia 2
[Site "Banska Stiavnica"]
[Date "2013.07.07"]
[Round "2"]
[Board "8"]
[White "Vojtek, Vladimir"]
[Black "Aczel, Gergely"]
[Result "1/2-1/2"]
[WhiteElo "2278"]
[BlackElo "2451"]
[PlyCount "0"]
[EventDate "2013.07.06"]
[EventRounds "9"]
[EventCountry "SVK"]

1. e4 {[%clk 1:28:09]} c5 {[%clk 1:30:54]} 2. Nc3 {[%clk 1:28:22]} a6
{[%clk 1:30:57]} 3. g3 {[%clk 1:28:36]} b5 {[%clk 1:31:18]} 4. Bg2
{[%clk 1:28:59]} Bb7 {[%clk 1:31:42]} 5. d3 {[%clk 1:29:01]} e6 {[%clk 1:32:04]}
6. Nf3 {[%clk 1:28:40]} d6 {[%clk 1:31:29]} 7. O-O {[%clk 1:28:59]} Nf6
{[%clk 1:31:06]} 8. Re1 {[%clk 1:28:51]} Be7 {[%clk 1:28:09]} 9. Bf4
{[%clk 1:28:43]} Nbd7 {[%clk 1:22:52]} 10. e5 {[%clk 1:26:19]} dxe5
{[%clk 1:22:52]} 11. Nxe5 {[%clk 1:26:35]} Qc8 {[%clk 1:14:13]} 12. a4
{[%clk 1:17:07]} O-O {[%clk 0:57:22]} 13. Bxb7 {[%clk 1:11:14]} Qxb7
{[%clk 0:57:41]} 14. Qf3 {[%clk 1:10:55]} Qxf3 {[%clk 0:57:09]} 15. Nxf3
{[%clk 1:10:50]} b4 {[%clk 0:53:58]} 16. Ne4 {[%clk 1:08:05]} Nd5
{[%clk 0:49:45]} 17. Bd6 {[%clk 0:46:42]} Bxd6 {[%clk 0:48:59]} 18. Nxd6
{[%clk 0:46:57]} h6 {[%clk 0:49:07]} 19. Nd2 {[%clk 0:38:41]} Ra7
{[%clk 0:44:54]} 20. N2c4 {[%clk 0:35:16]} Rc7 {[%clk 0:44:33]} 21. f4
{[%clk 0:33:54]} g6 {[%clk 0:44:09]} 22. Kg2 {[%clk 0:32:23]} Rd8
{[%clk 0:41:03]} 23. Ne4 {[%clk 0:19:07]} Kg7 {[%clk 0:37:37]} 24. b3
{[%clk 0:18:07]} N7f6 {[%clk 0:27:37]} 25. Kf3 {[%clk 0:16:41]} Ne7
{[%clk 0:24:28]} 26. Nxf6 {[%clk 0:11:58]} Kxf6 {[%clk 0:24:54]} 27. Ke3
{[%clk 0:07:34]} Nf5+ {[%clk 0:24:56]} 28. Kd2 {[%clk 0:07:48]} Nd4
{[%clk 0:25:13]} 29. Re3 {[%clk 0:07:22]} Kg7 {[%clk 0:22:03]} 30. Ne5
{[%clk 0:06:15]} g5 {[%clk 0:18:39]} 31. Rf1 {[%clk 0:05:00]} f6 {[%clk 0:18:04]}
32. Nf3 {[%clk 0:04:21]} Rc6 {[%clk 0:17:18]} 33. Rfe1 {[%clk 0:04:03]} Nxf3+
{[%clk 0:14:49]} 34. Rxf3 {[%clk 0:04:31]} Kg6 {[%clk 0:15:06]} 35. Ref1
{[%clk 0:04:13]} f5 {[%clk 0:14:23]} 36. Re3 {[%clk 0:04:25]} Kf6
{[%clk 0:13:18]} 37. Ke2 {[%clk 0:03:01]} Rg8 {[%clk 0:09:12]} 38. Kf3
{[%clk 0:02:33]} h5 {[%clk 0:09:19]} 39. Rfe1 {[%clk 0:02:05]} h4
{[%clk 0:09:00]} 40. R3e2 {[%clk 0:00:54]} Rg6 {[%clk 0:06:23]} 41. g4
{[%clk 0:18:40]} fxg4+ {[%clk 0:25:08]} 42. Kxg4 {[%clk 0:19:03]} gxf4+
{[%clk 0:25:29]} 43. Kxf4 {[%clk 0:19:25]} Ke7 {[%clk 0:25:19]} 44. Re5
{[%clk 0:11:03]} Kd6 {[%clk 0:23:38]} 45. Rg5 {[%clk 0:10:12]} 1/2-1/2

[Event "V4 OPEN - International Championship of Slovakia 2
[Site "Banska Stiavnica"]
[Date "2013.07.07"]
[Round "2"]
[Board "9"]
[White "Nagy, Gabor"]
[Black "Borosova, Zuzana"]
[Result "1-0"]
[WhiteElo "2449"]
[BlackElo "2265"]
[PlyCount "0"]
[EventDate "2013.07.06"]
[EventRounds "9"]
[EventCountry "SVK"]

1. d4 {[%clk 1:30:56]} Nf6 {[%clk 1:23:57]} 2. c4 {[%clk 1:31:06]} g6
{[%clk 1:24:07]} 3. Nf3 {[%clk 1:31:28]} Bg7 {[%clk 1:24:20]} 4. g3
{[%clk 1:31:50]} c6 {[%clk 1:24:37]} 5. Bg2 {[%clk 1:32:01]} d5 {[%clk 1:24:59]}
6. O-O {[%clk 1:31:37]} O-O {[%clk 1:25:24]} 7. Nc3 {[%clk 1:31:45]} dxc4
{[%clk 1:19:28]} 8. e3 {[%clk 1:30:14]} Nd5 {[%clk 1:14:52]} 9. Qe2
{[%clk 1:29:29]} b5 {[%clk 1:10:13]} 10. a4 {[%clk 1:28:11]} Nxc3
{[%clk 0:57:03]} 11. bxc3 {[%clk 1:27:45]} Bb7 {[%clk 0:56:11]} 12. e4
{[%clk 1:27:46]} Nd7 {[%clk 0:53:25]} 13. e5 {[%clk 1:26:02]} Nb6
{[%clk 0:45:51]} 14. Ng5 {[%clk 1:24:05]} Nd5 {[%clk 0:41:37]} 15. Ne4
{[%clk 1:22:50]} Nxc3 {[%clk 0:12:53]} 16. Nxc3 {[%clk 1:23:00]} Qxd4
{[%clk 0:13:04]} 17. axb5 {[%clk 1:21:30]} Qxc3 {[%clk 0:10:34]} 18. Bb2
{[%clk 1:21:43]} Qb3 {[%clk 0:08:17]} 19. Rfb1 {[%clk 1:19:17]} Rac8
{[%clk 0:00:35]} 20. Bd4 {[%clk 1:15:18]} Qd3 {[%clk 0:01:03]} 21. Qxd3
{[%clk 1:13:40]} cxd3 {[%clk 0:01:32]} 22. Rxa7 {[%clk 1:12:45]} 1-0

[Event "V4 OPEN - International Championship of Slovakia 2
[Site "Banska Stiavnica"]
[Date "2013.07.07"]
[Round "2"]
[Board "10"]
[White "Mukashev, Assan"]
[Black "Bokros, Albert"]
[Result "0-1"]
[WhiteElo "2247"]
[BlackElo "2439"]
[PlyCount "0"]
[EventDate "2013.07.06"]
[EventRounds "9"]
[EventCountry "SVK"]

1. d4 {[%clk 1:30:56]} e6 {[%clk 1:30:03]} 2. c4 {[%clk 1:31:18]} b6
{[%clk 1:30:15]} 3. Nf3 {[%clk 1:31:43]} Bb7 {[%clk 1:30:21]} 4. g3
{[%clk 1:32:07]} Bb4+ {[%clk 1:29:14]} 5. Bd2 {[%clk 1:32:35]} Bxf3
{[%clk 1:29:09]} 6. exf3 {[%clk 1:32:52]} Bxd2+ {[%clk 1:29:33]} 7. Qxd2
{[%clk 1:32:58]} d5 {[%clk 1:29:51]} 8. Bg2 {[%clk 1:32:11]} Ne7 {[%clk 1:25:06]}
9. f4 {[%clk 1:31:19]} O-O {[%clk 1:24:03]} 10. Nc3 {[%clk 1:31:26]} c6
{[%clk 1:23:52]} 11. b3 {[%clk 1:25:41]} Qd6 {[%clk 1:20:59]} 12. O-O
{[%clk 1:23:05]} Rd8 {[%clk 1:19:35]} 13. cxd5 {[%clk 1:17:28]} cxd5
{[%clk 1:08:46]} 14. Nd1 {[%clk 1:16:49]} Nbc6 {[%clk 1:04:20]} 15. Ne3
{[%clk 1:17:13]} Rac8 {[%clk 1:00:35]} 16. a3 {[%clk 1:08:26]} Na5
{[%clk 0:54:41]} 17. Qd3 {[%clk 1:08:22]} Rc7 {[%clk 0:53:18]} 18. Rfb1
{[%clk 0:52:30]} Rdc8 {[%clk 0:47:06]} 19. Bf1 {[%clk 0:52:20]} Rc3
{[%clk 0:40:02]} 20. Qd1 {[%clk 0:51:35]} R8c7 {[%clk 0:34:07]} 21. b4
{[%clk 0:46:13]} Nc4 {[%clk 0:31:38]} 22. Bxc4 {[%clk 0:46:17]} dxc4
{[%clk 0:31:48]} 23. Qd2 {[%clk 0:46:42]} Rd3 {[%clk 0:29:22]} 24. Nxc4
{[%clk 0:46:56]} Qxd4 {[%clk 0:19:01]} 25. Qxd3 {[%clk 0:47:18]} Qxd3
{[%clk 0:19:26]} 26. Rd1 {[%clk 0:47:44]} Qd5 {[%clk 0:19:08]} 27. Rxd5
{[%clk 0:47:56]} Nxd5 {[%clk 0:14:14]} 28. Ne5 {[%clk 0:42:27]} g6
{[%clk 0:06:53]} 29. b5 {[%clk 0:41:46]} Rc3 {[%clk 0:05:31]} 30. a4
{[%clk 0:40:48]} f6 {[%clk 0:01:52]} 31. Nc6 {[%clk 0:41:13]} a5 {[%clk 0:01:20]}
32. Nd8 {[%clk 0:41:42]} Kf8 {[%clk 0:00:51]} 33. Re1 {[%clk 0:38:31]} Ke7
{[%clk 0:01:10]} 34. Nxe6 {[%clk 0:38:58]} Kd6 {[%clk 0:01:24]} 35. Nf8
{[%clk 0:39:04]} Rc7 {[%clk 0:00:45]} 36. Kf1 {[%clk 0:29:57]} Rf7
{[%clk 0:00:47]} 37. Re8 {[%clk 0:28:22]} Nc3 {[%clk 0:00:47]} 38. Rc8
{[%clk 0:21:18]} Nxa4 {[%clk 0:00:42]} 39. Rc6+ {[%clk 0:21:44]} Kd5
{[%clk 0:01:05]} 40. Ne6 {[%clk 0:22:10]} Re7 {[%clk 0:00:44]} 41. Nc7+
{[%clk 0:21:03]} Kd4 {[%clk 0:00:33]} 42. h4 {[%clk 0:15:44]} f5 {[%clk 0:23:02]}
43. Ne6+ {[%clk 0:40:19]} Kd3 {[%clk 0:21:30]} 44. Nc7 {[%clk 0:40:31]} Nc3
{[%clk 0:16:21]} 45. Rd6+ {[%clk 0:23:58]} Kc2 {[%clk 0:13:11]} 46. Ne6
{[%clk 0:23:13]} a4 {[%clk 0:09:07]} 47. Rxb6 {[%clk 0:23:21]} a3
{[%clk 0:09:05]} 48. Ra6 {[%clk 0:22:52]} a2 {[%clk 0:07:49]} 49. Nc5
{[%clk 0:21:07]} Rc7 {[%clk 0:06:12]} 50. Ne6 {[%clk 0:19:52]} Rd7
{[%clk 0:05:25]} 51. Kg2 {[%clk 0:19:41]} Rd1 {[%clk 0:05:17]} 52. b6 a1=Q
{[%clk 0:04:06]} 53. Nd4+ {[%clk 0:20:16]} Kd3 {[%clk 0:03:53]} 0-1

[Event "V4 OPEN - International Championship of Slovakia 2
[Site "Banska Stiavnica"]
[Date "2013.07.07"]
[Round "2"]
[Board "11"]
[White "Gledura, Benjamin"]
[Black "Nemeth, Denes"]
[Result "0-1"]
[WhiteElo "2421"]
[BlackElo "2257"]
[PlyCount "0"]
[EventDate "2013.07.06"]
[EventRounds "9"]
[EventCountry "SVK"]

1. e4 {[%clk 1:30:56]} c5 {[%clk 1:30:44]} 2. Nf3 {[%clk 1:31:19]} d6
{[%clk 1:31:06]} 3. d4 {[%clk 1:31:40]} cxd4 {[%clk 1:31:30]} 4. Nxd4
{[%clk 1:32:03]} Nf6 {[%clk 1:31:49]} 5. Nc3 {[%clk 1:32:26]} g6 {[%clk 1:32:13]}
6. Be3 {[%clk 1:32:48]} Bg7 {[%clk 1:32:34]} 7. f3 {[%clk 1:32:57]} O-O
{[%clk 1:32:53]} 8. Qd2 {[%clk 1:33:20]} Nc6 {[%clk 1:33:13]} 9. g4
{[%clk 1:33:34]} Bd7 {[%clk 1:32:13]} 10. O-O-O {[%clk 1:33:37]} Rc8
{[%clk 1:32:37]} 11. h4 {[%clk 1:33:47]} Ne5 {[%clk 1:30:53]} 12. Kb1
{[%clk 1:34:05]} h5 {[%clk 1:24:37]} 13. gxh5 {[%clk 1:22:02]} Nxh5
{[%clk 1:24:51]} 14. Rg1 {[%clk 1:22:07]} b5 {[%clk 1:15:33]} 15. f4
{[%clk 1:19:04]} b4 {[%clk 1:06:15]} 16. Nd5 {[%clk 1:18:26]} Ng4
{[%clk 1:04:50]} 17. Be2 {[%clk 1:18:24]} Nxe3 {[%clk 1:05:04]} 18. Qxe3
{[%clk 1:18:01]} e6 {[%clk 1:01:27]} 19. Bxh5 {[%clk 1:02:37]} exd5
{[%clk 1:00:46]} 20. f5 {[%clk 1:02:51]} Qxh4 {[%clk 0:49:09]} 21. Bf3
{[%clk 0:36:06]} dxe4 {[%clk 0:43:28]} 22. Be2 {[%clk 0:36:27]} d5
{[%clk 0:34:47]} 23. Rh1 {[%clk 0:31:55]} Qf6 {[%clk 0:32:21]} 24. fxg6
{[%clk 0:24:53]} fxg6 {[%clk 0:31:53]} 25. Qb3 {[%clk 0:25:03]} Qe5
{[%clk 0:23:30]} 26. Rhg1 {[%clk 0:20:43]} Be8 {[%clk 0:20:20]} 27. Qh3
{[%clk 0:17:41]} Rc6 {[%clk 0:14:57]} 28. Rh1 {[%clk 0:12:30]} Rf2
{[%clk 0:12:00]} 29. Qe3 {[%clk 0:12:24]} Rcf6 {[%clk 0:12:01]} 30. Rhg1
{[%clk 0:12:30]} Qf4 {[%clk 0:08:27]} 31. Qb3 {[%clk 0:12:11]} Qe5
{[%clk 0:07:34]} 32. Qe3 {[%clk 0:10:58]} Rf8 {[%clk 0:07:13]} 33. Bg4
{[%clk 0:09:34]} R2f6 {[%clk 0:03:45]} 34. Qh3 {[%clk 0:09:53]} Bf7
{[%clk 0:03:01]} 35. Rh1 {[%clk 0:09:25]} Re8 {[%clk 0:02:48]} 36. Be2
{[%clk 0:08:55]} Rf2 {[%clk 0:02:13]} 37. Bb5 {[%clk 0:08:01]} Rb8
{[%clk 0:01:41]} 38. Bd7 {[%clk 0:07:45]} Rd8 {[%clk 0:01:44]} 39. Qh4
{[%clk 0:07:44]} Qf6 {[%clk 0:01:22]} 40. Qh3 {[%clk 0:07:58]} Rf3
{[%clk 0:00:43]} 41. Qh7+ {[%clk 0:08:02]} Kf8 {[%clk 0:01:07]} 42. Ba4
{[%clk 0:07:55]} e3 {[%clk 0:28:26]} 43. Qh2 {[%clk 0:34:15]} Rf4
{[%clk 0:27:30]} 44. c3 {[%clk 0:34:18]} bxc3 {[%clk 0:27:50]} 45. bxc3
{[%clk 0:34:42]} Rb8+ {[%clk 0:25:21]} 46. Bb3 {[%clk 0:35:01]} a5
{[%clk 0:22:44]} 47. Ka1 {[%clk 0:34:48]} Rc8 {[%clk 0:21:24]} 48. Qb2
{[%clk 0:34:34]} Qb6 {[%clk 0:18:05]} 49. Rhf1 {[%clk 0:33:08]} Rxf1
{[%clk 0:15:16]} 50. Rxf1 {[%clk 0:33:33]} Qa6 {[%clk 0:10:22]} 51. Rf3
{[%clk 0:29:35]} Kg8 {[%clk 0:07:46]} 52. Rxe3 {[%clk 0:27:35]} Bxd4
{[%clk 0:07:25]} 0-1

[Event "V4 OPEN - International Championship of Slovakia 2
[Site "Banska Stiavnica"]
[Date "2013.07.07"]
[Round "2"]
[Board "12"]
[White "Bombek, Peter"]
[Black "Manik, Mikulas"]
[Result "0-1"]
[WhiteElo "2227"]
[BlackElo "2412"]
[PlyCount "0"]
[EventDate "2013.07.06"]
[EventRounds "9"]
[EventCountry "SVK"]

1. d4 {[%clk 1:30:22]} Nf6 {[%clk 1:30:53]} 2. Nf3 {[%clk 1:30:47]} d6
{[%clk 1:30:57]} 3. c4 {[%clk 1:31:01]} g6 {[%clk 1:31:03]} 4. Nc3
{[%clk 1:31:15]} Bg7 {[%clk 1:31:22]} 5. g3 {[%clk 1:31:06]} O-O {[%clk 1:31:32]}
6. Bg2 {[%clk 1:31:33]} c6 {[%clk 1:30:55]} 7. O-O {[%clk 1:31:37]} Qa5
{[%clk 1:30:03]} 8. e4 {[%clk 1:26:02]} e5 {[%clk 1:29:13]} 9. dxe5
{[%clk 1:25:06]} dxe5 {[%clk 1:29:13]} 10. Qc2 {[%clk 1:19:22]} Be6
{[%clk 1:18:33]} 11. b3 {[%clk 1:19:05]} Nbd7 {[%clk 1:11:40]} 12. a4
{[%clk 1:11:43]} Rfe8 {[%clk 1:06:40]} 13. h3 {[%clk 1:09:14]} Nc5
{[%clk 1:01:29]} 14. Ba3 {[%clk 1:06:06]} Na6 {[%clk 1:01:11]} 15. Rad1
{[%clk 1:02:47]} h6 {[%clk 0:56:04]} 16. Rfe1 {[%clk 0:59:01]} Rac8
{[%clk 0:53:00]} 17. Bd6 {[%clk 0:55:14]} Nd7 {[%clk 0:50:39]} 18. Na2
{[%clk 0:52:55]} b5 {[%clk 0:46:03]} 19. Bf1 {[%clk 0:50:04]} bxc4
{[%clk 0:28:25]} 20. Bxc4 {[%clk 0:42:23]} Bxh3 {[%clk 0:25:50]} 21. b4
{[%clk 0:39:01]} Qb6 {[%clk 0:25:50]} 22. Qd3 {[%clk 0:33:16]} Nc7
{[%clk 0:23:56]} 23. Rd2 {[%clk 0:26:27]} Be6 {[%clk 0:21:22]} 24. a5
{[%clk 0:24:07]} Qb7 {[%clk 0:21:25]} 25. Rc1 {[%clk 0:19:54]} Nb5
{[%clk 0:16:58]} 26. Rdc2 {[%clk 0:13:39]} Bxc4 {[%clk 0:16:13]} 27. Rxc4
{[%clk 0:13:50]} Rcd8 {[%clk 0:15:48]} 28. Rxc6 {[%clk 0:13:02]} Nb8
{[%clk 0:15:05]} 29. a6 {[%clk 0:11:04]} Nxa6 {[%clk 0:15:26]} 30. Qc4
{[%clk 0:07:26]} Rxd6 {[%clk 0:14:56]} 31. Rxd6 {[%clk 0:07:34]} Nxd6
{[%clk 0:15:18]} 32. Qc6 {[%clk 0:07:37]} Bf8 {[%clk 0:13:06]} 0-1

[Event "V4 OPEN - International Championship of Slovakia 2
[Site "Banska Stiavnica"]
[Date "2013.07.07"]
[Round "2"]
[Board "14"]
[White "Macak, Stefan"]
[Black "Dolnak, Michal"]
[Result "1-0"]
[WhiteElo "2374"]
[BlackElo "2167"]
[PlyCount "0"]
[EventDate "2013.07.06"]
[EventRounds "9"]
[EventCountry "SVK"]

1. Nc3 {[%clk 1:30:54]} d5 {[%clk 1:30:52]} 2. e4 {[%clk 1:31:10]} d4
{[%clk 1:31:18]} 3. Nce2 {[%clk 1:30:58]} e5 {[%clk 1:30:38]} 4. Ng3
{[%clk 1:30:02]} Be6 {[%clk 1:25:55]} 5. Bb5+ {[%clk 1:24:36]} c6
{[%clk 1:21:44]} 6. Ba4 {[%clk 1:23:40]} Nd7 {[%clk 1:04:13]} 7. Bb3
{[%clk 1:16:00]} Bxb3 {[%clk 1:01:51]} 8. axb3 {[%clk 1:16:10]} d3
{[%clk 1:02:05]} 9. Nf3 {[%clk 1:15:50]} Bc5 {[%clk 0:53:39]} 10. cxd3
{[%clk 1:11:56]} Qb6 {[%clk 0:45:14]} 11. O-O {[%clk 1:09:36]} Ngf6
{[%clk 0:38:56]} 12. d4 {[%clk 1:08:24]} Bxd4 {[%clk 0:39:17]} 13. Nxd4
{[%clk 1:05:45]} exd4 {[%clk 0:39:37]} 14. d3 {[%clk 1:02:06]} Nc5
{[%clk 0:35:08]} 15. Nf5 {[%clk 0:59:23]} Qxb3 {[%clk 0:27:23]} 16. Nxg7+
{[%clk 0:54:46]} Kf8 {[%clk 0:25:58]} 17. Qf3 {[%clk 0:54:37]} Ncd7
{[%clk 0:25:07]} 18. Ra3 {[%clk 0:42:49]} Qb4 {[%clk 0:23:53]} 19. Bh6
{[%clk 0:42:16]} 1-0

[Event "V4 OPEN - International Championship of Slovakia 2
[Site "Banska Stiavnica"]
[Date "2013.07.07"]
[Round "2"]
[Board "16"]
[White "Lanc, Alois"]
[Black "Marczuk, Dominik"]
[Result "1-0"]
[WhiteElo "2369"]
[BlackElo "2043"]
[PlyCount "0"]
[EventDate "2013.07.06"]
[EventRounds "9"]
[EventCountry "SVK"]

1. e4 {[%clk 1:30:58]} c5 {[%clk 1:30:54]} 2. Nf3 {[%clk 1:31:23]} d6
{[%clk 1:31:16]} 3. d4 {[%clk 1:31:48]} cxd4 {[%clk 1:31:38]} 4. Nxd4
{[%clk 1:32:13]} Nf6 {[%clk 1:31:57]} 5. Nc3 {[%clk 1:32:40]} a6 {[%clk 1:31:56]}
6. Bc4 {[%clk 1:32:21]} e6 {[%clk 1:32:15]} 7. a4 {[%clk 1:32:42]} Be7
{[%clk 1:31:54]} 8. O-O {[%clk 1:31:57]} Nc6 {[%clk 1:31:22]} 9. Be3
{[%clk 1:30:10]} Bd7 {[%clk 1:30:28]} 10. Bb3 {[%clk 1:25:43]} O-O
{[%clk 1:27:49]} 11. f4 {[%clk 1:23:34]} Rc8 {[%clk 1:16:33]} 12. Qf3
{[%clk 1:10:20]} Qa5 {[%clk 1:09:44]} 13. h3 {[%clk 1:03:33]} Nxd4
{[%clk 0:51:22]} 14. Bxd4 {[%clk 1:01:48]} e5 {[%clk 0:37:38]} 15. fxe5
{[%clk 0:53:01]} dxe5 {[%clk 0:37:59]} 16. Bf2 {[%clk 0:52:04]} Bc5
{[%clk 0:32:42]} 17. Kh2 {[%clk 0:50:27]} Bxf2 {[%clk 0:32:11]} 18. Rxf2
{[%clk 0:49:06]} Be6 {[%clk 0:30:25]} 19. Qg3 {[%clk 0:37:35]} Kh8
{[%clk 0:24:40]} 20. Raf1 {[%clk 0:34:42]} Qc5 {[%clk 0:12:57]} 21. Qg5
{[%clk 0:31:24]} Nd7 {[%clk 0:09:26]} 22. Bxe6 {[%clk 0:30:37]} h6
{[%clk 0:00:56]} 23. Qg3 {[%clk 0:29:42]} fxe6 {[%clk 0:01:16]} 24. Rf7
{[%clk 0:29:53]} g5 {[%clk 0:01:09]} 25. Qg4 {[%clk 0:24:36]} Rxf7
{[%clk 0:00:50]} 26. Rxf7 {[%clk 0:25:01]} Nf8 {[%clk 0:00:46]} 27. Qh5
{[%clk 0:24:22]} Kg8 {[%clk 0:00:44]} 28. Rf6 {[%clk 0:22:31]} Qe7
{[%clk 0:00:56]} 29. Qxh6 {[%clk 0:22:32]} Qg7 {[%clk 0:00:54]} 30. Rxe6
{[%clk 0:22:03]} Rxc3 {[%clk 0:00:34]} 31. bxc3 {[%clk 0:22:26]} Nxe6
{[%clk 0:00:51]} 32. Qxe6+ {[%clk 0:22:52]} Kh7 {[%clk 0:00:48]} 33. c4 Kh8
{[%clk 0:00:47]} 34. Kg3 {[%clk 0:22:29]} Kh7 {[%clk 0:00:59]} 35. Kg4
{[%clk 0:22:54]} Kh8 {[%clk 0:00:37]} 36. Qe8+ {[%clk 0:23:15]} 1-0